Miniaturised communications: a review of microforms (Record no. 17095)

MARC details
000 -LEADER
fixed length control field 00511nam a2200181Ia 4500
082 ## - DEWEY DECIMAL CLASSIFICATION NUMBER
Classification number 025.174 WIL-;
100 ## - MAIN ENTRY--AUTHOR NAME
Personal name Williams, Bernard J.S.
245 #0 - TITLE STATEMENT
Title Miniaturised communications: a review of microforms
260 ## - PUBLICATION, DISTRIBUTION, ETC. (IMPRINT)
Place of publication London
Name of publisher Library Association
Year of publication 1970
300 ## - PHYSICAL DESCRIPTION
Number of Pages 190p.
504 ## - BIBLIOGRAPHY, ETC. NOTE
Bibliography, etc Includes subject index
650 ## - SUBJECT ADDED ENTRY--TOPICAL TERM
Topical Term Non book materials
650 ## - SUBJECT ADDED ENTRY--TOPICAL TERM
Topical Term Libraries - Special collections
650 ## - SUBJECT ADDED ENTRY--TOPICAL TERM
Topical Term Library materials
650 ## - SUBJECT ADDED ENTRY--TOPICAL TERM
Topical Term Library science
650 ## - SUBJECT ADDED ENTRY--TOPICAL TERM
Topical Term Microforms - Catalogues
942 ## - ADDED ENTRY ELEMENTS (KOHA)
Koha item type Books
Holdings
Withdrawn status Lost status Damaged status Not for loan Home library Current library Date acquired Full call number Accession Number Price effective from Koha item type
        NASSDOC Library NASSDOC Library 08/06/2004 025.174 WIL-; 6144 18/04/2019 Books